Responses of plants to air pollution. (Record no. 23897)

MARC details
000 -LEADER
fixed length control field 00452nam a2200145Ia 4500
082 ## - DEWEY DECIMAL CLASSIFICATION NUMBER
Classification number 58/581:614.71
Item number MUD
100 ## - MAIN ENTRY--AUTHOR NAME
Personal name KOSLOWSKI, T T
245 #0 - TITLE STATEMENT
Title Responses of plants to air pollution.
260 ## - PUBLICATION, DISTRIBUTION, ETC. (IMPRINT)
Place of publication New York
Name of publisher Academic
Year of publication 1975
490 ## - SERIES STATEMENT
Series statement Physiological ecology; A series of monographs texts and treatises. Ed by T T Kozlowski
650 ## - SUBJECT ADDED ENTRY--TOPICAL TERM
Topical Term Air pollutant
700 ## - ADDED ENTRY--PERSONAL NAME
Personal name MUDD, Brain J
942 ## - ADDED ENTRY ELEMENTS (KOHA)
Koha item type Books
Holdings
Withdrawn status Lost status Damaged status Not for loan Home library Current library Date acquired Full call number Accession Number Koha item type
        RRII Library RRII Library 16/12/2021 58/581:614.71 MUD 04591 Books